Conjunctions.

Bibliographic Details
Format: Journal
Language:English
Published: Ann Arbor, Michigan : Edwards Brothers, 1981-
[New York, NY] : David R. Godine
New York, NY : Collier Books
Annandale-on-Hudson, NY : Bard College
Subjects:
Online Availability: Check for online availability

MARC

Tag First Indicator Second Indicator Subfields
LEADER 00000cas a2200000Ii 4500
001 in00003787413
005 20170927134455.0
006 m o d
007 cr |||||||||||
008 810911c19829999nyufr poo 0 0eng d
019 |a 297345780  |a 606105120 
022 |y 0278-2324  |l 0278-2324 
029 1 |a NZ1  |b 12135145 
029 1 |a AU@  |b 000043819634 
035 |a (OCoLC)ocm80905176 
035 |a (OCoLC)80905176  |z (OCoLC)297345780  |z (OCoLC)606105120 
037 |b Conjunctions, 33 West 9th St., New York, NY 10011 
037 |b Bard College, Publication Department, PO Box 5000 Annandale On Hudson, NY 12504 United States 
040 |a CUD  |b eng  |c CUD  |d DLC  |d OCLCQ  |d OCLCE  |d OCLCQ  |d OCLCF  |d TXA  |d UtOrBLW 
049 |a TXAM 
050 1 4 |a PN6010.5  |b .C66 Electronic 
082 0 4 |a 805 
245 0 0 |a Conjunctions. 
264 1 |3 v. 1- :  |a Ann Arbor, Michigan :  |b Edwards Brothers,  |c 1981- 
264 2 1 |3 v. 7-11:  |a [New York, NY] :  |b David R. Godine 
264 2 1 |3 v. 12-14:  |a New York, NY :  |b Collier Books 
264 3 1 |3 v. 15- :  |a Annandale-on-Hudson, NY :  |b Bard College 
264 4 |c ©1981- 
300 |a 1 online resource 
310 |a Semiannual 
336 |a text  |b txt  |2 rdacontent 
337 |a computer  |b c  |2 rdamedia 
338 |a online resource  |b cr  |2 rdacarrier 
362 1 |a Began with: 1 (winter 1981/1982). 
515 |a Issue for 1981/1982 called inaugural double issue. 
588 |a Description based on: 1 (winter 1981/1982); title from PDF title page (JSTOR, viewed April 15, 2016). 
588 |a Latest issue consulted: 61 (2013) (JSTOR, viewed April 15, 2016). 
500 |a Electronic resource. 
650 0 |a Literature  |v Periodicals.  |0 http://id.loc.gov/authorities/subjects/sh85077532 
650 7 |a Literature.  |2 fast  |0 (OCoLC)fst00999953 
655 0 |a Electronic journals. 
655 7 |a Periodicals.  |2 fast  |0 (OCoLC)fst01411641 
776 0 8 |i Print version:  |t Conjunctions  |x 0278-2324  |w (DLC) 82642789  |w (OCoLC)7753878 
948 |a cataloged  |b h  |c 2016/4/15  |d c  |e spoltoratski  |f 4:30:31 pm  |g NCF 
994 |a C0  |b TXA 
999 f f |s fe2d93e6-e69f-3287-beda-69415082bbad  |i 860b372f-011a-328e-83ae-f326752981b0  |t 0 
952 f f |a Texas A&M University  |b College Station  |c Electronic Resources  |d Available Online  |t 0  |e PN6010.5 .C66  |g Electronic  |h Library of Congress classification 
998 f f |a PN6010.5 .C66  |t 0  |l Available Online